|
|
|
|
| LEADER |
01122nam a2200289 a 4500 |
| 001 |
4049713 |
| 008 |
100920r20022000caua b 001 0 eng d |
| 999 |
|
|
|c 9507
|d 9507
|
| 010 |
|
|
|a 99036400
|
| 020 |
|
|
|a 8178671212
|
| 020 |
|
|
|a 1558605770 (paper)
|
| 020 |
|
|
|a 1558605142 (cloth)
|
| 040 |
|
|
|a DLC
|c DLC
|d DLC
|d DB-DhAAL
|
| 082 |
0 |
0 |
|a 004.65
|2 21
|
| 100 |
1 |
|
|a Peterson, Larry L.
|9 32864
|
| 245 |
1 |
0 |
|a Computer networks :
|b a systems approach /
|c Larry L. Peterson & Bruce S. Davie.
|
| 250 |
|
|
|a 2nd ed.
|
| 260 |
|
|
|a San Francisco, Calif. :
|b Morgan Kaufmann Publishers ;
|a New Delhi :
|b Harcourt,
|c c2000.[reprinted 2002]
|
| 300 |
|
|
|a xxvi, 748 p. :
|b ill. (some col.) ;
|c 23 cm.
|
| 490 |
|
0 |
|a Morgan Kaufmann series in networking
|
| 504 |
|
|
|a Includes bibliographical references.
|
| 541 |
1 |
|
|e 00008879
|
| 650 |
|
0 |
|a Computer networks.
|9 32865
|
| 700 |
1 |
|
|a Davie, Bruce S.
|9 32866
|
| 852 |
4 |
|
|a Ayesha Abed Library
|j General Shelf.
|
| 942 |
|
|
|2 ddc
|c BK
|
| 952 |
|
|
|0 0
|1 0
|2 ddc
|4 0
|6 004_650000000000000_PET_2002
|7 0
|9 11927
|a BRACUL
|b BRACUL
|c GEN
|d 2010-09-21
|l 9
|m 70
|o 004.65 PET
|p 3010008879
|r 2024-10-02
|s 2024-06-05
|t 1
|w 2010-09-21
|y BK
|